| 000 | 00000nas 2200000za 4500 |
| 001 | 9.924594 |
| 003 | CaOODSP |
| 005 | 20230629134842 |
| 007 | cr ||||||||||| |
| 008 | 230629c20229999onc x mso||||f0 a0eng|d |
| 040 | |aCaOODSP|beng |
| 043 | |an-cn--- |
| 086 | 1 |aYC28-0E-PDF |
| 110 | 1 |aCanada. |bParliament. |bSenate. |bStanding Committee on Indigenous Peoples. |
| 245 | 10|aReport of the Standing Senate Committee on Indigenous Peoples |h[electronic resource]. |
| 260 | |aOttawa : |bSenate, |c2022- |
| 310 | |aIrregular |
| 362 | 1 |aBegan with: 44th Parliament, 1st Session, 8th report. |
| 500 | |aIssued also in French under title: Rapport du Comité sénatorial permanent des peuples autochtones. |
| 500 | |aAs of July 31, 2022, the Senate Committee on Aboriginal Peoples is now named the Senate Committee on Indigenous Peoples (no changes to French name). |
| 692 | 07|2gccst|aIndigenous peoples |
| 692 | 07|2gccst|aLegislation |
| 775 | 08|tRapport du Comité sénatorial permanent des peuples autochtones |w(CaOODSP)9.501664 |
| 780 | 00|tReport of the Standing Senate Committee on Aboriginal Peoples |w(CaOODSP)9.505264 |